Marvel's Ms. Marvel (2022) Characters!!!! - Statistics

General Stats
  • This quiz has been taken 19 times
    9 since last reset
  • The average score is 4 of 9
Answer Stats
Hint Answer % Correct
Iman Vellani Ms. Marvel/ Kamala Khan
100%
Brie Larson Captain Marvel/ Carol Danvers
78%
Rish Shah Kamran
56%
Zenobia Shroff Muneeba Khan
56%
Mohan Kapur Yusuf Khan
44%
Matt Lintz Bruno Carrelli
33%
Aramis Knight Red Dagger/ Kareem
22%
Laurel Marsden Zoe Zimmer
22%
Adaku Ononogbo Fariha
11%
No matching quizzes found
Score Distribution
Percent of People with Each Score
Percentile by Number Answered
Your Score History
You have not taken this quiz since the last reset